| 000 | 00435nam a22001457a 4500 | ||
|---|---|---|---|
| 020 | _a- | ||
| 082 | _a796.3580954 SHA | ||
| 100 | _aShahzad, Ali Khan | ||
| 245 | _aCricket Milestones | ||
| 260 |
_aKarachi _bJumbo Publishing _c2009 |
||
| 300 | _a100 p. | ||
| 500 | _aIncludes index | ||
| 650 | _aCricket--India--History. Cricket--Pakistan--History. India--Foreign relations--Pakistan. Pakistan--Foreign relations--India. | ||
| 942 | _cBK | ||
| 999 |
_c13436 _d13436 |
||